Fallout Trivia quiz #2 - Statistics

General Stats
  • This quiz has been taken 45 times
  • The average score is 10 of 17
Answer Stats
Hint Answer % Correct
What do item you need to have in your inventory to loot graves in Fallout New Vegas Shovel
98%
item that temporarily turns you invisible Stealth Boy
90%
Mr. House’s first name Robert
83%
What type of robot uses human brain as its computer Robobrain
83%
Wchich character do you get to see both as human before the war and as ghoul after Vault Tec Rep
78%
Mr. House’s company RobCo
71%
What is the trait that fills Fallout New Vegas with pop-cultural references and other unusual phenomena Wild Wasteland
68%
How are the Enclave fire troops called Hellfire
59%
Robot that can predict the future, found in Railroad HQ Pam/Predictive Analytic Machine
56%
luxury version of Pip Boy in Fallout New Vegas Pimp Boy
56%
How is the machine that measures your SPECIAL in Fallout New Vegas called Vit-o-matic/Vitomatic/Vigor Tester
56%
How is Big Mountain also called Big Empty
54%
How are the ghoul troops in The Divine (Lonesome Road) called Marked Men
51%
What is Fallout 4 exclusive power armor with questionable lore T-60
46%
What useful building resource is hard to come by in Fallout 4 Adhesive
34%
What perk is unlocked after you devour 25 corpses in Fallout New Vegas Dine and Dash
15%
How is the motorcycle in Fallout 4 called (same as name of important Fallout 3 character) Wanderer
2%
No matching quizzes found
Score Distribution
Percent of People with Each Score
Percentile by Number Answered
Your Score History
You have not taken this quiz